[Event "Quimper op 5th"]
[Site "Quimper"]
[Date "2014.10.31"]
[Round "4"]
[White "Gouriou, Michel"]
[Black "Kerbaol, Jacques"]
[Result "0-1"]
[WhiteElo "1190"]
[BlackElo "1515"]
[PlyCount "154"]
[EventDate "2014.10.31"]
[EventType "swiss"]
[EventRounds "7"]
[EventCountry "FRA"]
[SourceTitle "EXT 2016"]
[Source "ChessBase"]
[SourceDate "2015.10.08"]
[SourceVersion "1"]
[SourceVersionDate "2015.10.08"]
[SourceQuality "1"]

1. e4 e5 2. Nf3 Nc6 3. d4 exd4 4. Nxd4 Bc5 5. Nxc6 Qf6 6. Qf3 Qxf3 7. gxf3 dxc6 8. Bd3 Be6 9. Bd2 0-0-0 10. Nc3 Ne7 11. a3 Ng6 12. 0-0-0 Bxf2 13. f4 Bh3 14. Bf1 Bg4 15. Be2 Bxe2 16. Nxe2 Rd7 17. Bc3 Rxd1+ 18. Rxd1 f6 19. Bd4 Bxd4 20. Rxd4 Rd8 21. Rxd8+ Kxd8 22. Kd2 Kd7 23. Ke3 Kd6 24. Nd4 Nh4 25. Kf2 a6 26. Kg3 c5 27. Ne2 Ng6 28. Kg4 Ne7 29. h4 Nc6 30. Ng3 Ke6 31. Nf5 Kf7 32. Ne3 Na5 33. Nd5 Nc4 34. Nxc7 Nxb2 35. e5 Nc4 36. e6+ Ke7 37. f5 Ne3+ 38. Kf4 Nxc2 39. Nd5+ Ke8 40. a4 h5 41. Ke4 Nd4 42. Nb6 Nc6 43. Kd5 Ne5 44. Kxc5 Nf3 45. Nc8 Nxh4 46. Nd6+ Ke7 47. Nc8+ Ke8 48. Nd6+ Ke7 49. Nxb7 Nxf5 50. Kd5 h4 51. Nc5 h3 52. Ne4 h2 53. Nf2 Ng3 54. Kc5 Kxe6 55. Kb6 Kd6 56. a5 Kd7 57. Kb7 Nf5 58. Kxa6 Kc7 59. Kb5 Ng3 60. a6 Kb8 61. Kc6 h1Q+ 62. Nxh1 Nxh1 63. Kd6 g5 64. Ke6 g4 65. Kf5 g3 66. Kf4 g2 67. Kf3 g1Q 68. Ke4 Qg5 69. Kd4 Ka7 70. Kc4 Kxa6 71. Kb4 Qb5+ 72. Ka3 Ka5 73. Ka2 Qb4 74. Ka1 Qd2 75. Kb1 Kb4 76. Ka1 Kb3 77. Kb1 Qb2# 0-1